[Event "British Columbia-Washington m"]
[Site "chess.com"]
[Date "2021.01.16"]
[Round "1.12"]
[White "Jiang, Brandon"]
[Black "Kagaoan, Jose"]
[Result "1-0"]
[WhiteElo "2110"]
[BlackElo "1989"]
[PlyCount "101"]
[EventDate "2021.01.16"]
[EventType "team (rapid)"]
[EventRounds "5"]
[EventCountry "CAN"]

1. e4 g6 2. d4 Nf6 3. Nc3 d5 4. e5 Ne4 5. Bd3 Nxc3 6. bxc3 c5 7. f4 Nc6 8. Nf3
Bg4 9. Be3 Qa5 10. Bd2 c4 11. Be2 e6 12. O-O Be7 13. Ne1 h5 14. Bxg4 hxg4 15.
Rf2 g3 16. hxg3 O-O-O 17. Nf3 Rh7 18. Rf1 Rdh8 19. Kf2 f6 20. exf6 Bxf6 21. Qe2
Re7 22. Kg1 Qd8 23. g4 Qg8 24. Rae1 Nd8 25. g5 Bg7 26. Bc1 Qh7 27. Kf2 Rf7 28.
g3 e5 29. dxe5 Ne6 30. Ba3 Nxf4 31. gxf4 Rxf4 32. Rh1 Qxh1 33. Rxh1 Rxh1 34.
Kg2 Rh8 35. Qe3 Rg4+ 36. Kf2 b6 37. e6 Re4 38. Qd2 Rd8 39. e7 Rd7 40. Kg3 Kb7
41. Qh2 Rdxe7 42. Bxe7 Rxe7 43. Qd2 Kc6 44. Nd4+ Kc5 45. Qc1 Be5+ 46. Kg2 Kd6
47. Qa3+ Kd7 48. Qxa7+ Ke8 49. Qa8+ Kf7 50. Qxd5+ Kg7 51. Ne6+ 1-0

[Event "British Columbia-Washington m"]
[Site "chess.com"]
[Date "2021.01.16"]
[Round "2.1"]
[White "Le, Quang Long"]
[Black "Mahajan, Rushaan"]
[Result "1/2-1/2"]
[WhiteElo "2420"]
[BlackElo "2209"]
[PlyCount "81"]
[EventDate "2021.01.16"]
[EventType "team (rapid)"]
[EventRounds "5"]
[EventCountry "CAN"]

1. Nf3 d5 2. c4 c6 3. g3 Nf6 4. Qc2 dxc4 5. Qxc4 Bf5 6. Bg2 e6 7. Nh4 Bg4 8. h3
Bh5 9. g4 Bg6 10. d3 Be7 11. Nc3 Nbd7 12. Nxg6 hxg6 13. Qb3 Nc5 14. Qc2 e5 15.
Be3 Ne6 16. Qb3 Qd7 17. Rc1 O-O 18. g5 Nh5 19. Ne4 Nhf4 20. Bf3 Nxg5 21. Nxg5
Bxg5 22. Rg1 Bh6 23. Bxf4 Bxf4 24. e3 Bh6 25. Rxg6 Kh8 26. Rg4 f5 27. Rb4 e4
28. Be2 f4 29. Rxe4 fxe3 30. fxe3 Qxh3 31. Qe6 Qg3+ 32. Kd2 Rf2 33. Rf1 Rxf1
34. Bxf1 Rf8 35. Be2 Rf2 36. Rg4 Qh2 37. Qe8+ Kh7 38. Qg6+ Kh8 39. Qe8+ Kh7 40.
Qg6+ Kh8 41. Qe8+ 1/2-1/2

[Event "British Columbia-Washington m"]
[Site "chess.com"]
[Date "2021.01.16"]
[Round "2.2"]
[White "Mackinnon, Keith"]
[Black "Levine, Joseph"]
[Result "0-1"]
[WhiteElo "2268"]
[BlackElo "2179"]
[PlyCount "120"]
[EventDate "2021.01.16"]
[EventType "team (rapid)"]
[EventRounds "5"]
[EventCountry "CAN"]

1. e4 e6 2. d4 d5 3. Nd2 Nf6 4. e5 Nfd7 5. Ngf3 c5 6. c3 Nc6 7. Bd3 cxd4 8.
cxd4 Qb6 9. O-O Nxd4 10. Nxd4 Qxd4 11. Nf3 Qb6 12. Qa4 Qb4 13. Qc2 Qc5 14. Qa4
Qb4 15. Qc2 Qc5 16. Qe2 Be7 17. Be3 Qc7 18. Rac1 Qd8 19. Qc2 h6 20. Qa4 a6 21.
Rc3 Rb8 22. Rfc1 b5 23. Qg4 Kf8 24. Nd4 Nxe5 25. Qg3 Bf6 26. Be2 g5 27. f4 gxf4
28. Bxf4 Rg8 29. Qe3 Nc4 30. Bxb8 Nxe3 31. Rxc8 Rxg2+ 32. Kh1 Qxc8 33. Rxc8+
Kg7 34. Ba7 Be5 35. h3 Rh2+ 36. Kg1 Rxh3 37. Nf3 Rg3+ 38. Kh1 Bf4 39. Bd4+ f6
40. Rc3 Rh3+ 41. Kg1 Nc4 42. b3 e5 43. Bf2 d4 44. Rc2 d3 45. Bxd3 Rxf3 46. Be4
Rxf2 47. Kxf2 Nd6 48. Rc7+ Kf8 49. Bg6 e4 50. Ra7 Be5 51. Rxa6 Kg7 52. Bh5 f5
53. Be2 f4 54. a4 bxa4 55. bxa4 Nf5 56. Re6 Bd4+ 57. Kg2 f3+ 58. Bxf3 Nh4+ 59.
Kf1 exf3 60. a5 Nf5 0-1

[Event "British Columbia-Washington m"]
[Site "chess.com"]
[Date "2021.01.16"]
[Round "2.3"]
[White "Shubin, Daniel"]
[Black "Kenney, Jason"]
[Result "0-1"]
[WhiteElo "2161"]
[BlackElo "2255"]
[PlyCount "88"]
[EventDate "2021.01.16"]
[EventType "team (rapid)"]
[EventRounds "5"]
[EventCountry "CAN"]

1. e4 c6 2. Nc3 d5 3. Nf3 Nf6 4. e5 Ne4 5. Nxe4 dxe4 6. Ng5 Qd5 7. d4 exd3 8.
Qxd3 h6 9. Nf3 Bg4 10. Qxd5 cxd5 11. Bb5+ Nd7 12. Nd4 a6 13. Bxd7+ Bxd7 14. Be3
e6 15. Kd2 Be7 16. Rac1 Rc8 17. b3 f6 18. f4 Ba3 19. Rcf1 fxe5 20. fxe5 Ke7 21.
Rf3 Bb4+ 22. Kd1 Be8 23. h3 Bg6 24. Rg3 Bh5+ 25. Kc1 Rhg8 26. Rf1 Kd7 27. Rf4
Be7 28. h4 g5 29. hxg5 Rxg5 30. Rh3 Rxe5 31. Rf1 Bg4 32. Rg3 h5 33. Rf7 Rf8 34.
Rh7 Kd6 35. Bd2 Kd7 36. Bb4 Re8 37. Rd3 Re4 38. c4 e5 39. cxd5 exd4 40. d6 a5
41. Ba3 Re1+ 42. Kc2 Bf5 43. Kd2 Bxh7 44. Rxd4 Bg5+ 0-1

[Event "British Columbia-Washington m"]
[Site "chess.com"]
[Date "2021.01.16"]
[Round "2.4"]
[White "Huang, Patrick"]
[Black "Jiang, Brandon"]
[Result "1-0"]
[WhiteElo "2247"]
[BlackElo "2110"]
[PlyCount "155"]
[EventDate "2021.01.16"]
[EventType "team (rapid)"]
[EventRounds "5"]
[EventCountry "CAN"]

1. d4 f5 2. Bf4 Nf6 3. e3 e6 4. Nf3 b6 5. Be2 Bb7 6. h3 Bd6 7. Ne5 Ne4 8. Bf3
O-O 9. Nd2 Be7 10. c3 d6 11. Nd3 Nd7 12. Qb3 d5 13. c4 c6 14. Rc1 a5 15. a3 Kh8
16. Be2 Rc8 17. Nf3 Bh4 18. Nxh4 Qxh4 19. g3 Qe7 20. f3 dxc4 21. Qxc4 Nd6 22.
Qb3 Nf7 23. h4 c5 24. dxc5 Nxc5 25. Nxc5 Rxc5 26. Kf2 Rxc1 27. Rxc1 e5 28. Bg5
Nxg5 29. hxg5 Qxg5 30. Qxb6 f4 31. exf4 exf4 32. Rg1 Bc8 33. Qd6 Re8 34. Qd4
Qe7 35. Bc4 fxg3+ 36. Rxg3 Qe1+ 37. Kg2 Qe7 38. Bd3 Rd8 39. Qc3 Be6 40. b4 axb4
41. axb4 Qd7 42. b5 h5 43. Rg6 h4 44. Rh6+ Kg8 45. Bh7+ Kf7 46. Rxh4 Qd2+ 47.
Qxd2 Rxd2+ 48. Kg3 Rb2 49. Bd3 Rb3 50. Rd4 Ke7 51. Kf4 Bd7 52. Bc4 Rb4 53. Kg5
Bxb5 54. Re4+ Kf8 55. Rf4+ Ke7 56. Bxb5 Rxb5+ 57. Kg6 Ke6 58. Kxg7 Rf5 59. Re4+
Kd5 60. Re3 Kd4 61. Ra3 Re5 62. Kg6 Re3 63. Ra4+ Kd5 64. f4 Rg3+ 65. Kf6 Rg4
66. Ra5+ Kd6 67. f5 Rf4 68. Re5 Rf1 69. Re2 Kd7 70. Kg6 Rg1+ 71. Kf7 Rf1 72. f6
Rf3 73. Rd2+ Kc6 74. Ke7 Re3+ 75. Kf8 Rf3 76. f7 Rf1 77. Rg2 Kd7 78. Kg7 1-0

[Event "British Columbia-Washington m"]
[Site "chess.com"]
[Date "2021.01.16"]
[Round "2.5"]
[White "Ramkumar, Aditya"]
[Black "Hemstapat, Andrew"]
[Result "0-1"]
[WhiteElo "1452"]
[BlackElo "2245"]
[PlyCount "78"]
[EventDate "2021.01.16"]
[EventType "team (rapid)"]
[EventRounds "5"]
[EventCountry "CAN"]

1. Nf3 e6 2. d4 f5 3. c4 Nf6 4. Nc3 Be7 5. h4 d6 6. g3 O-O 7. Bg2 Qe8 8. O-O
Nbd7 9. Ng5 Bd8 10. d5 exd5 11. cxd5 Nc5 12. Be3 Ng4 13. Bxc5 Bxg5 14. Bd4 Bf6
15. Re1 f4 16. e4 Be5 17. Bxe5 Nxe5 18. Rc1 Bg4 19. f3 Bh5 20. g4 Bxg4 21. Rf1
Bd7 22. Rc2 Nc4 23. Re1 Qh5 24. Qd4 Qxh4 25. Rce2 Ne5 26. Rf1 Rf6 27. Qf2 Qh5
28. Rd1 Rg6 29. Kf1 Rxg2 30. Kxg2 Qh3+ 31. Kg1 Nxf3+ 32. Qxf3 Qxf3 33. Rf1 Qg3+
34. Kh1 Bg4 35. Ref2 Rf8 36. Nb5 Rf6 37. Rh2 Bf3+ 38. Rxf3 Qxf3+ 39. Kg1 Rg6+
0-1

[Event "British Columbia-Washington m"]
[Site "chess.com"]
[Date "2021.01.16"]
[Round "2.6"]
[White "Pham, Bich Ngoc"]
[Black "Nguyen, Thanh Tien"]
[Result "0-1"]
[WhiteElo "2235"]
[BlackElo "2027"]
[PlyCount "52"]
[EventDate "2021.01.16"]
[EventType "team (rapid)"]
[EventRounds "5"]
[EventCountry "CAN"]

1. g3 g6 2. Bg2 Bg7 3. f4 Nc6 4. e4 d6 5. Nf3 Nf6 6. Nc3 e5 7. d3 exf4 8. Bxf4
Nh5 9. Bg5 f6 10. Be3 f5 11. O-O O-O 12. exf5 Bxf5 13. Ng5 Nf6 14. Rxf5 gxf5
15. Nd5 Ng4 16. Ne6 Nxe3 17. Nxe3 Qe7 18. Bd5 Kh8 19. Ng2 Rf6 20. Nxg7 Qxg7 21.
Nf4 Rh6 22. c3 Ne5 23. Bf3 Rg8 24. d4 Rxh2 25. dxe5 Qxg3+ 26. Ng2 Rxg2+ 0-1

[Event "British Columbia-Washington m"]
[Site "chess.com"]
[Date "2021.01.16"]
[Round "2.8"]
[White "Goktepe, Derin"]
[Black "Zhu, Brandon"]
[Result "1/2-1/2"]
[WhiteElo "1957"]
[BlackElo "2176"]
[PlyCount "30"]
[EventDate "2021.01.16"]
[EventType "team (rapid)"]
[EventRounds "5"]
[EventCountry "CAN"]

1. d4 Nf6 2. c4 e6 3. Nf3 d5 4. e3 Be7 5. Bd3 a6 6. O-O dxc4 7. Bxc4 b5 8. Bd3
Bb7 9. Nbd2 O-O 10. b3 Nbd7 11. Qe2 c5 12. a4 b4 13. Bb2 Qb8 14. h3 Rc8 15. Nc4
cxd4 1/2-1/2

[Event "British Columbia-Washington m"]
[Site "chess.com"]
[Date "2021.01.16"]
[Round "2.9"]
[White "Morgan, Scott"]
[Black "Min, Ryan"]
[Result "0-1"]
[WhiteElo "2068"]
[BlackElo "1915"]
[PlyCount "116"]
[EventDate "2021.01.16"]
[EventType "team (rapid)"]
[EventRounds "5"]
[EventCountry "CAN"]

1. e4 g6 2. d4 Bg7 3. Nf3 d6 4. Bc4 e6 5. Bb3 Nd7 6. O-O Ne7 7. Bg5 h6 8. Be3
O-O 9. Qd2 Kh7 10. c3 b6 11. Ne1 e5 12. Na3 Bb7 13. f3 f5 14. d5 f4 15. Bf2 g5
16. Bd1 Ng6 17. b4 a5 18. Nc4 axb4 19. cxb4 Nf6 20. a4 h5 21. a5 bxa5 22. bxa5
Bh6 23. Nc2 g4 24. Nb4 g3 25. hxg3 fxg3 26. Be3 Nxe4 27. fxe4 Qh4 28. Rf3 Qh2+
29. Kf1 Nh4 30. Ra2 Qh1+ 31. Ke2 Qxg2+ 32. Kd3 Qxd2+ 33. Nxd2 Nxf3 34. Nxf3
Ba6+ 35. Nxa6 Rxa6 36. Bxh6 Kxh6 37. Nh4 Rfa8 38. Nf5+ Kg5 39. Nxg3 h4 40. Nh5
Rxa5 41. Rg2+ Kh6 42. Nf6 Ra3+ 43. Kc4 h3 44. Rg1 Rf8 45. Ng4+ Kh7 46. Bb3 Rf3
47. Bd1 Rf4 48. Kb5 Ra1 49. Ne3 h2 50. Rh1 Rf2 51. Ng4 Rd2 52. Bf3 Rxh1 53.
Bxh1 Rd1 54. Bf3 h1=Q 55. Bxh1 Rxh1 56. Nf6+ Kg6 57. Ne8 Rc1 58. Ka6 Kf7 0-1

[Event "British Columbia-Washington m"]
[Site "chess.com"]
[Date "2021.01.16"]
[Round "2.10"]
[White "Velea, Sophie"]
[Black "Brown, Gabriel"]
[Result "0-1"]
[WhiteElo "1790"]
[BlackElo "2048"]
[PlyCount "190"]
[EventDate "2021.01.16"]
[EventType "team (rapid)"]
[EventRounds "5"]
[EventCountry "CAN"]

1. e4 c5 2. Nf3 d6 3. Bb5+ Nd7 4. c3 Ngf6 5. Bd3 g6 6. O-O Bg7 7. Bc2 O-O 8. d4
cxd4 9. cxd4 a6 10. Qe2 e6 11. Nc3 b5 12. Bg5 h6 13. Bh4 Qc7 14. e5 dxe5 15.
dxe5 Nh7 16. Be7 Re8 17. Bd6 Qb6 18. h4 Bb7 19. Rfe1 Rac8 20. h5 Nhf8 21. hxg6
Nxg6 22. Bxg6 fxg6 23. Qd3 Bxf3 24. gxf3 Kh7 25. Re4 Rc4 26. Rae1 Nc5 27. Bxc5
Qxc5 28. Rxc4 bxc4 29. Qe3 Qb4 30. Qd2 Rb8 31. Re2 Rf8 32. f4 h5 33. Qd4 Qe7
34. Re4 Qh4 35. Qe3 Rb8 36. Rxc4 Rxb2 37. Kg2 Bxe5 38. Qg3 Qxg3+ 39. Kxg3 Bxc3
40. Rxc3 Rxa2 41. Rc6 Ra3+ 42. Kg2 a5 43. Rxe6 Kg7 44. Ra6 a4 45. Kg1 Ra2 46.
Kg2 a3 47. Kg3 Ra1 48. Kf3 a2 49. Kg2 h4 50. Kh2 h3 51. Ra4 Kf6 52. Ra5 Ke6 53.
f3 Kf6 54. Ra6+ Kf5 55. Ra4 g5 56. fxg5 Kxg5 57. Rg4+ Kf6 58. Ra4 Kf5 59. f4
Kg4 60. f5+ Kxf5 61. Ra5+ Ke4 62. Ra3 Kd4 63. Ra4+ Kc3 64. Ra3+ Kb2 65. Ra8 Rc1
66. Rb8+ Ka1 67. Ra8 Rc3 68. Rb8 Rc2+ 69. Kxh3 Rb2 70. Rg8 Kb1 71. Rg1+ Kc2 72.
Rg2+ Kb3 73. Rg3+ Kb4 74. Rg4+ Ka3 75. Rg8 Rb3+ 76. Kg2 a1=Q 77. Ra8+ Kb2 78.
Rxa1 Kxa1 79. Kf2 Ka2 80. Ke2 Ka3 81. Kd2 Kb4 82. Kc2 Kc4 83. Kd2 Rc3 84. Ke2
Rd3 85. Kf2 Kd4 86. Kg2 Ke4 87. Kf2 Re3 88. Kg2 Rf3 89. Kh2 Kf4 90. Kg2 Kg4 91.
Kh2 Rg3 92. Kh1 Kf3 93. Kh2 Rg8 94. Kh1 Kf2 95. Kh2 Rh8# 0-1

[Event "British Columbia-Washington m"]
[Site "chess.com"]
[Date "2021.01.16"]
[Round "2.11"]
[White "Seshadri, Sridhar"]
[Black "Tian, Shi Yuan (Sherry)"]
[Result "0-1"]
[WhiteElo "1626"]
[BlackElo "2045"]
[PlyCount "60"]
[EventDate "2021.01.16"]
[EventType "team (rapid)"]
[EventRounds "5"]
[EventCountry "CAN"]

1. b4 d5 2. Bb2 e6 3. a3 Nf6 4. e3 Be7 5. Nf3 O-O 6. c4 c6 7. Be2 Nbd7 8. O-O
b6 9. Nc3 Bb7 10. d4 dxc4 11. Bxc4 c5 12. bxc5 bxc5 13. d5 Nb6 14. Ba2 exd5 15.
Nb1 Rb8 16. Nbd2 Nbd7 17. Be5 Nxe5 18. Nxe5 Bd6 19. Ndf3 Qe7 20. Nd3 Bc8 21.
Qa4 Qe4 22. Qd1 Ba6 23. Nfe1 Bxd3 24. Nxd3 Bxh2+ 25. Kxh2 Qh4+ 26. Kg1 Ng4 27.
Re1 c4 28. g3 Qh2+ 29. Kf1 cxd3 30. Qxg4 Qh1# 0-1

[Event "British Columbia-Washington m"]
[Site "chess.com"]
[Date "2021.01.16"]
[Round "2.12"]
[White "Kagaoan, Jose"]
[Black "Vijayakumar, Advaith"]
[Result "0-1"]
[WhiteElo "1989"]
[BlackElo "2026"]
[PlyCount "70"]
[EventDate "2021.01.16"]
[EventType "team (rapid)"]
[EventRounds "5"]
[EventCountry "CAN"]

1. e4 c5 2. a3 g6 3. b4 Bg7 4. Nc3 d6 5. Nf3 Nf6 6. Rb1 O-O 7. Be2 Nc6 8. O-O
e5 9. d3 h6 10. Bd2 b6 11. b5 Nd4 12. Nxd4 cxd4 13. Nd5 Nxd5 14. exd5 Bb7 15.
Bf3 f5 16. Re1 g5 17. h3 Qf6 18. Qe2 Qf7 19. Bb4 Rad8 20. c4 dxc3 21. Qa2 h5
22. g3 g4 23. hxg4 hxg4 24. Bg2 Qh5 25. Bxc3 f4 26. gxf4 Rxf4 27. Re4 Rdf8 28.
Be1 Bc8 29. Rc1 Bf5 30. Rc7 Bxe4 31. dxe4 R4f6 32. Qc2 g3 33. fxg3 Rh6 34. Bf2
Qh2+ 35. Kf1 Rhf6 0-1

[Event "British Columbia-Washington m"]
[Site "chess.com"]
[Date "2021.01.16"]
[Round "3.1"]
[White "Levine, Joseph"]
[Black "Kenney, Jason"]
[Result "1/2-1/2"]
[WhiteElo "2179"]
[BlackElo "2255"]
[PlyCount "91"]
[EventDate "2021.01.16"]
[EventType "team (rapid)"]
[EventRounds "5"]
[EventCountry "CAN"]

1. e4 c6 2. d3 g6 3. Nf3 Bg7 4. g3 d6 5. Bg2 Nf6 6. O-O O-O 7. Re1 e5 8. Nc3
Nbd7 9. d4 Qc7 10. h3 b5 11. a3 Bb7 12. Be3 a6 13. Qd2 Rfd8 14. Rad1 Nf8 15.
Qc1 Ne6 16. dxe5 dxe5 17. Rxd8+ Rxd8 18. Rd1 Nd7 19. Ne2 Ndc5 20. Ng5 Nd4 21.
Nxd4 exd4 22. Bf4 Qe7 23. b4 Na4 24. h4 c5 25. Qd2 Nc3 26. Re1 cxb4 27. axb4
Qxb4 28. Bc7 Rc8 29. Qf4 Qc4 30. Be5 Ne2+ 31. Rxe2 Bxe5 32. Qxe5 Qxe2 33. Qe7
Bd5 34. Qf6 Qd1+ 35. Kh2 Bc4 36. e5 h6 37. e6 hxg5 38. Qxf7+ Kh8 39. Qf6+ Kh7
40. Qf7+ Kh8 41. Qxg6 Qe2 42. Qf6+ Kh7 43. Qf5+ Kh8 44. Qf6+ Kh7 45. Qf7+ Kh8
46. Qf6+ 1/2-1/2

[Event "British Columbia-Washington m"]
[Site "chess.com"]
[Date "2021.01.16"]
[Round "3.2"]
[White "Mahajan, Rushaan"]
[Black "Huang, Patrick"]
[Result "1/2-1/2"]
[WhiteElo "2209"]
[BlackElo "2247"]
[PlyCount "67"]
[EventDate "2021.01.16"]
[EventType "team (rapid)"]
[EventRounds "5"]
[EventCountry "CAN"]

1. b3 e5 2. Bb2 Nc6 3. e3 Nf6 4. Bb5 d6 5. d4 exd4 6. Bxd4 a6 7. Bxc6+ bxc6 8.
Nf3 Be7 9. O-O O-O 10. h3 a5 11. a4 Ba6 12. Re1 Qc8 13. e4 Rd8 14. Nc3 Qb7 15.
Qd2 c5 16. Bxf6 Bxf6 17. Rad1 c6 18. e5 dxe5 19. Qe3 c4 20. Ne4 Be7 21. Nxe5
cxb3 22. cxb3 Bb4 23. Rxd8+ Rxd8 24. Rc1 Re8 25. Qg5 Qe7 26. Qxe7 Rxe7 27. Nc5
Ba3 28. Rc2 Bc8 29. Nxc6 Rc7 30. Ne4 Bb7 31. Nd4 Rd7 32. Nc6 Rc7 33. Nd4 Rd7
34. Nc6 1/2-1/2

[Event "British Columbia-Washington m"]
[Site "chess.com"]
[Date "2021.01.16"]
[Round "3.3"]
[White "Nguyen, Thanh Tien"]
[Black "Hemstapat, Andrew"]
[Result "0-1"]
[WhiteElo "2027"]
[BlackElo "2245"]
[PlyCount "76"]
[EventDate "2021.01.16"]
[EventType "team (rapid)"]
[EventRounds "5"]
[EventCountry "CAN"]

1. e4 e6 2. d4 d5 3. Nd2 c5 4. Ngf3 cxd4 5. Nxd4 Nc6 6. Bb5 Bd7 7. Nxc6 Bxc6 8.
Bxc6+ bxc6 9. O-O Nf6 10. e5 Nd7 11. Re1 Qc7 12. Qe2 Be7 13. Qg4 O-O 14. Nf3
Rfe8 15. h4 Rab8 16. c3 Bf8 17. Rb1 Qa5 18. a3 Nc5 19. Be3 Qa4 20. b4 Nd3 21.
Red1 Nb2 22. Rd4 Nc4 23. Ng5 Qc2 24. Rc1 Nxe3 25. Rxc2 Nxg4 26. Rxg4 c5 27. Nf3
Rec8 28. c4 cxb4 29. axb4 Rxb4 30. Ra2 Rc7 31. Nd2 dxc4 32. Rc2 c3 33. Ne4 Kh8
34. f3 h5 35. Rf4 Bc5+ 36. Kf1 Be3 37. Rxf7 Rxf7 38. Rxc3 Rxe4 0-1

[Event "British Columbia-Washington m"]
[Site "chess.com"]
[Date "2021.01.16"]
[Round "3.4"]
[White "Shubin, Daniel"]
[Black "Le, Quang Long"]
[Result "0-1"]
[WhiteElo "2161"]
[BlackElo "2420"]
[PlyCount "70"]
[EventDate "2021.01.16"]
[EventType "team (rapid)"]
[EventRounds "5"]
[EventCountry "CAN"]

1. e4 c6 2. d4 d5 3. Nc3 h6 4. Nf3 Bg4 5. Bf4 e6 6. Be2 Nf6 7. exd5 Bxf3 8.
Bxf3 cxd5 9. O-O Bd6 10. Bxd6 Qxd6 11. Qd3 Nc6 12. Nb5 Qd7 13. Qa3 Qe7 14.
Qxe7+ Kxe7 15. c3 Na5 16. Rfe1 Rhc8 17. Rac1 a6 18. Na3 b5 19. Nb1 Nc4 20. b3
Nd6 21. Kf1 g5 22. h3 Rc7 23. Ke2 Rac8 24. b4 Nd7 25. Kd3 Nb6 26. Nd2 Na4 27.
Nb1 Kf6 28. Bd1 Nb2+ 29. Kc2 Nbc4 30. Be2 Nb6 31. Kd3 Ne4 32. f3 Ng3 33. Bd1
Nh5 34. Rg1 Nf4+ 35. Ke3 Nc4+ 0-1

[Event "British Columbia-Washington m"]
[Site "chess.com"]
[Date "2021.01.16"]
[Round "3.6"]
[White "Ramkumar, Aditya"]
[Black "Mackinnon, Keith"]
[Result "0-1"]
[WhiteElo "1452"]
[BlackElo "2268"]
[PlyCount "80"]
[EventDate "2021.01.16"]
[EventType "team (rapid)"]
[EventRounds "5"]
[EventCountry "CAN"]

1. Nf3 Nf6 2. d4 e6 3. Bf4 b6 4. e3 Bb7 5. Nbd2 Be7 6. Bd3 c5 7. c3 d6 8. O-O
Nc6 9. Bg3 O-O 10. Re1 Nh5 11. e4 cxd4 12. cxd4 Nxg3 13. hxg3 Bf6 14. Qa4 a6
15. d5 exd5 16. exd5 Ne7 17. Qe4 g6 18. Bc4 Re8 19. Qf4 Bxb2 20. Ng5 Nf5 21.
Rxe8+ Qxe8 22. Rb1 Be5 23. Qf3 b5 24. Bd3 Nd4 25. Qe4 Bg7 26. Qh4 h6 27. Nge4
Qe5 28. a4 f5 29. Nc3 Rc8 30. axb5 axb5 31. Nxb5 Qxd5 32. f3 Nxf3+ 33. Nxf3
Qxd3 34. Re1 Qxb5 35. Qe7 Qc5+ 36. Kh2 Bxf3 37. gxf3 Qf2+ 38. Kh3 Rc2 39. Qe8+
Kh7 40. Rh1 Qg2+ 0-1

[Event "British Columbia-Washington m"]
[Site "chess.com"]
[Date "2021.01.16"]
[Round "3.7"]
[White "Min, Ryan"]
[Black "Pham, Bich Ngoc"]
[Result "1-0"]
[WhiteElo "1915"]
[BlackElo "2235"]
[PlyCount "101"]
[EventDate "2021.01.16"]
[EventType "team (rapid)"]
[EventRounds "5"]
[EventCountry "CAN"]

1. d4 f5 2. Nc3 Nf6 3. Bg5 g6 4. Bxf6 exf6 5. e3 d5 6. Qf3 c6 7. Bd3 Be6 8. h4
Nd7 9. h5 Bg7 10. Nge2 Qe7 11. hxg6 hxg6 12. Rxh8+ Bxh8 13. g4 fxg4 14. Bxg6+
Kd8 15. Qf4 Nb6 16. Nc1 Nc4 17. Nd3 b6 18. O-O-O Kd7 19. Bf5 Rg8 20. Rg1 Nd6
21. Rxg4 Rxg4 22. Bxg4 Bxg4 23. Qxg4+ f5 24. Qg6 Bf6 25. Ne2 Qg7 26. Nef4 Qxg6
27. Nxg6 Ne4 28. Nge5+ Kd6 29. f3 Ng5 30. b4 Ne6 31. c3 c5 32. f4 c4 33. Ne1 b5
34. N1f3 Nd8 35. Kd2 a6 36. Ke2 Ke6 37. Kf2 Kd6 38. Kg3 Ke6 39. a3 Be7 40. Ng5+
Kf6 41. Nd7+ Kg6 42. Nf3 Nb7 43. Nb6 Nd6 44. Nxd5 Ne4+ 45. Kg2 Bd6 46. Ne5+
Bxe5 47. fxe5 Nd2 48. Kf2 Nb1 49. Ke2 Nxa3 50. Kd2 Kf7 51. Kc1 1-0

[Event "British Columbia-Washington m"]
[Site "chess.com"]
[Date "2021.01.16"]
[Round "3.8"]
[White "Jiang, Brandon"]
[Black "Brown, Gabriel"]
[Result "0-1"]
[WhiteElo "2110"]
[BlackElo "2048"]
[PlyCount "102"]
[EventDate "2021.01.16"]
[EventType "team (rapid)"]
[EventRounds "5"]
[EventCountry "CAN"]

1. e4 c5 2. Nf3 d6 3. Bb5+ Nd7 4. O-O a6 5. Bd3 Ngf6 6. c3 g6 7. Bc2 Ne5 8. h3
Bg7 9. d4 Nxf3+ 10. Qxf3 O-O 11. Nd2 cxd4 12. cxd4 Qc7 13. Bd3 b5 14. Nb3 Bb7
15. Bd2 Rac8 16. a4 Bc6 17. Na5 Bd7 18. b4 Qa7 19. axb5 Bxb5 20. Bxb5 axb5 21.
Qd3 Qb6 22. Be3 d5 23. e5 Nd7 24. Ra3 Ra8 25. Rc3 Rfc8 26. Rfc1 Rxc3 27. Rxc3
e6 28. Rc6 Qb8 29. Qc3 Nb6 30. Bg5 Bf8 31. Bd2 Nc4 32. Nxc4 bxc4 33. Rc5 Bxc5
34. dxc5 Qa7 35. Kh2 Qa3 36. Qxa3 Rxa3 37. c6 Kf8 38. b5 Ke8 39. b6 Kd8 40. Bb4
Rb3 41. Ba5 Kc8 42. b7+ Kb8 43. Bd8 c3 44. Be7 c2 45. Bd6+ Ka7 46. Bc5+ Ka6 47.
Be3 d4 48. Bd2 Ka7 49. f3 Rc3 50. Bxc3 dxc3 51. c7 Kxb7 0-1

[Event "British Columbia-Washington m"]
[Site "chess.com"]
[Date "2021.01.16"]
[Round "3.9"]
[White "Tian, Shi Yuan (Sherry)"]
[Black "Goktepe, Derin"]
[Result "1-0"]
[WhiteElo "2045"]
[BlackElo "1957"]
[PlyCount "141"]
[EventDate "2021.01.16"]
[EventType "team (rapid)"]
[EventRounds "5"]
[EventCountry "CAN"]

1. d4 Nf6 2. c4 e6 3. Nf3 b6 4. e3 Bb7 5. Nc3 Bb4 6. Bd3 O-O 7. O-O Bxc3 8.
bxc3 Ne4 9. Nd2 f5 10. f3 Nxd2 11. Bxd2 d6 12. Qe2 Nd7 13. e4 fxe4 14. fxe4 e5
15. Rxf8+ Qxf8 16. c5 bxc5 17. Rf1 Qe8 18. Qg4 Kh8 19. Bb5 c6 20. Bc4 Nf6 21.
Qh4 d5 22. dxe5 Qxe5 23. exd5 cxd5 24. Bd3 Ne4 25. Rf7 Ba6 26. Rxa7 Qb8 27.
Rxa6 Rxa6 28. Bf4 Rd6 29. Bxe4 dxe4 30. Bxd6 Qb1+ 31. Kf2 Qc2+ 32. Kg3 Qd3+ 33.
Kf4 Qxd6+ 34. Kxe4 Qe6+ 35. Kf3 Qd5+ 36. Qe4 Qd1+ 37. Qe2 Qd5+ 38. Kf2 Qf5+ 39.
Kg1 Qb1+ 40. Qf1 Qxa2 41. Qf8+ Qg8 42. Qxc5 Qe8 43. h3 h6 44. c4 Qe1+ 45. Kh2
Qe4 46. Qd5 Qf4+ 47. Kg1 Qc1+ 48. Kf2 Qc2+ 49. Kg3 Qc3+ 50. Kh2 Qf6 51. c5 Qf4+
52. Kg1 Qe3+ 53. Kf1 Qf4+ 54. Ke2 Qc1 55. c6 Qc2+ 56. Kf3 Qc3+ 57. Ke4 Qg3 58.
Kf5 Qc7 59. Ke6 Qc8+ 60. Qd7 Qa6 61. Ke7 Qa3+ 62. Qd6 Qe3+ 63. Kd7 Qf2 64. c7
Qf7+ 65. Kd8 Qg8+ 66. Ke7 Kh7 67. Qd8 Qc4 68. c8=Q Qe4+ 69. Qe6 Qb7+ 70. Qdd7
Qb4+ 71. Kf7 1-0

[Event "British Columbia-Washington m"]
[Site "chess.com"]
[Date "2021.01.16"]
[Round "3.10"]
[White "Zhu, Brandon"]
[Black "Moroney, Timothy"]
[Result "0-1"]
[WhiteElo "2176"]
[BlackElo "2048"]
[PlyCount "46"]
[EventDate "2021.01.16"]
[EventType "team (rapid)"]
[EventRounds "5"]
[EventCountry "CAN"]

1. e4 c5 2. Nf3 d6 3. d4 cxd4 4. Nxd4 Nf6 5. Nc3 a6 6. Bg5 Nbd7 7. Qe2 e6 8. f4
Qc7 9. O-O-O Be7 10. g4 h6 11. Bh4 b5 12. a3 Bb7 13. Bxf6 Bxf6 14. Ndxb5 axb5
15. Nxb5 Qb6 16. Nxd6+ Ke7 17. Nc4 Qc6 18. Bg2 Rhc8 19. Nd6 Bxb2+ 20. Kxb2 Qc3+
21. Kb1 Rxa3 22. Nxc8+ Kf8 23. Qb5 Ra1# 0-1

[Event "British Columbia-Washington m"]
[Site "chess.com"]
[Date "2021.01.16"]
[Round "3.11"]
[White "Velea, Sophie"]
[Black "Morgan, Scott"]
[Result "1-0"]
[WhiteElo "1790"]
[BlackElo "2068"]
[PlyCount "137"]
[EventDate "2021.01.16"]
[EventType "team (rapid)"]
[EventRounds "5"]
[EventCountry "CAN"]

1. e4 e5 2. Nf3 Nc6 3. Bc4 Nf6 4. d3 Bc5 5. c3 d6 6. Nbd2 O-O 7. O-O a6 8. Bb3
b5 9. Re1 Be6 10. Nf1 Bxb3 11. axb3 Nd7 12. Ng3 Ne7 13. Nh4 d5 14. Nhf5 g6 15.
Nxe7+ Qxe7 16. exd5 Qh4 17. Be3 Be7 18. d4 f5 19. Nf1 f4 20. Bc1 Bd6 21. Nd2
Rf5 22. Nf3 Qf6 23. dxe5 Nxe5 24. Nxe5 Bxe5 25. Qf3 Rd8 26. c4 g5 27. h3 Qg6
28. Qe4 h5 29. Rxa6 Rd6 30. Ra8+ Kg7 31. Bd2 Rd7 32. Re8 Bf6 33. Re6 g4 34. Bc3
Rf7 35. Bxf6+ R5xf6 36. Rxf6 Qxf6 37. Qe5 Kg6 38. Qxf6+ Rxf6 39. Re7 c6 40. Rc7
cxd5 41. cxd5 Kf5 42. Rb7 g3 43. fxg3 fxg3 44. Rxb5 Ra6 45. Kf1 Ra1+ 46. Ke2
Rb1 47. Kf3 h4 48. Rb4 Rf1+ 49. Ke3 Rf2 50. Rxh4 Rxg2 51. Kf3 Rxb2 52. Kxg3
Rxb3+ 53. Kg2 Rd3 54. Rh5+ Kf6 55. h4 Ke7 56. Rf5 Ra3 57. h5 Rb3 58. h6 Rb6 59.
Rh5 Rb8 60. h7 Rh8 61. Kf3 Kf6 62. Ke4 Kg6 63. Rh2 Re8+ 64. Kd4 Rh8 65. d6 Kf6
66. Kd5 Kf5 67. Kc6 Ke6 68. Rh6+ Ke5 69. d7 1-0